000 00372nam a2200157 4500
001 KS202003302032bbd
003 CH-000902-1
005 20201123202915.0
008 s1910 sz ger
040 _cKS Beda
100 1 _aRüegg, August
_97435
_d1882-1972
245 1 0 _aTheramenes /
_cAugust Rüegg
260 _c1910
300 _a40 S.
942 _2z
_cBK
999 _c41487
_d41487